| 000 | 01151nam a2200289 a 4500 | ||
|---|---|---|---|
| 001 | BRL_1589 | ||
| 005 | 20190320211257.0 | ||
| 008 | 190314s1987----mx-aobe###---#000-0#spa-# | ||
| 020 | _a968822068X | ||
| 041 | _aspa | ||
| 044 | _amx | ||
| 050 | 4 |
_aHN120.H833 _b.C43 1987 |
|
| 100 | 1 |
_aChamoux, Marie-Noëlle _927374 |
|
| 245 | 1 | 0 |
_aNahuas de Huachinango _btransformaciones sociales en una comunidad campesina _cMarie-Noëlle Chamoux ; traducción Luz María Santamaría. |
| 260 |
_aMéxico _bInstituto Nacional Indigenista : Centre D´Etudes Mexicaines et Centramericaines _c1987 |
||
| 300 |
_a388 p. _bil., mapas, planos, fotografías _c21 cm. |
||
| 440 | 0 |
_aColección INI _pSerie de Antropología Social _v73 _927375 |
|
| 500 | _aAu2071 | ||
| 500 | _aTraducción de: Indiens de la sierra: la communauté paysanne au Mexique. | ||
| 650 | 1 | 4 |
_aNahuas _xReligión _923575 |
| 650 | 1 | 4 |
_aNahuas _xVida social y costumbres _923578 |
| 651 | 4 |
_aHuachinango (Puebla) _xCondiciones rurales _927376 |
|
| 700 | 1 |
_aSantamaría, Luz María _etr. _95522 |
|
| 710 | 2 |
_aCentre D´etudes Mexicaines Et Centramericaines _927377 |
|
| 902 | _aGRL | ||
| 942 |
_2lcc _cB |
||
| 999 |
_c10398 _d10398 |
||